000 00220nam a2200097Ia 4500
008 120527s9999 xx 000 0 und d
100 _aHAHN, S.K
245 _aIntegrated pest management
260 _bI.I.T.A
942 _cBK
999 _c25155
_d25155